| 000 | 00717nam a2200241 a 4500 | ||
|---|---|---|---|
| 999 |
_c12547 _d12547 |
||
| 001 | 12547 | ||
| 003 | BD-JhCC | ||
| 005 | 20220905074323.0 | ||
| 008 | 220904b2019 bg |||| |||a 000 0 ben d | ||
| 020 | _a9847026403344 | ||
| 035 | _a(BD-JhCC)12547 | ||
| 040 |
_aBD-JhCC _dBD-JhCC |
||
| 041 | _aBengali | ||
| 082 |
_a920 _bISL 2019 |
||
| 100 | _aইসলাম, মো: রবিউল | ||
| 245 |
_aজ্যোতির্ময় শেখ রাসেল / _cমো: রবিউল ইসলাম। |
||
| 260 |
_aঢাকা : _bজনতা প্রকাশ ; _c২০১৯. |
||
| 300 |
_a48 p. : _c22 cm. |
||
| 650 | _aBiography | ||
| 650 | _aSheikh Rasel | ||
| 942 |
_2ddc _cBK |
||